Top Baby Girl Names that Start with S (2013) - Statistics

General Stats
  • This quiz has been taken 2,597 times
  • The average score is 21 of 50
Answer Stats
Answer % Correct
Sara
94%
Sarah
94%
Sarai
93%
Samantha
86%
Sofia
80%
Sophia
76%
Sophie
75%
Susan
73%
Stephanie
69%
Sandra
67%
Sadie
63%
Stella
63%
Serena
57%
Sharon
57%
Selena`
56%
Siena
56%
Sienna
56%
Savannah
55%
Savanna
54%
Sabrina
51%
Scarlet
50%
Scarlett
50%
Scarlette
50%
Sylvia
46%
Sonia
45%
Sasha
38%
Summer
37%
Sydney
37%
Simone
32%
Skylar
31%
Skyler
31%
Skyla
30%
Sage
28%
Saige
28%
Shelby
28%
Serenity
26%
Skye
26%
Samara
23%
Sloan
23%
Sloane
23%
Sawyer
20%
Shayla
17%
Salma
11%
Shiloh
11%
Selah
9%
Sutton
5%
Sariah
2%
Samiyah
1%
Saniyah
1%
Sherlyn
1%
No matching quizzes found
Score Distribution
Percent of People with Each Score
Percentile by Number Answered
Your Score History
You have not taken this quiz